000 00358 a2200157 4500
001 151989
040 _cEscola São Tomás de Aquino
100 _aLONDON, Jack
240 1 0 _aA filha da neve
_lpor
245 1 0 _aA filha da neve
300 _a254
362 0 _a2007
440 1 _aCompanhia Editora Nacional
697 _a*LITERATURA JUVENIL
942 _cBK
999 _c151989
_d151989